Stray Kids Songs (starting with the letter H) - Statistics

General Stats
  • This quiz has been taken 58 times
  • The average score is 8 of 18
Answer Stats
Songs % Correct
Hellevator
79%
Hall of Fame
67%
Haven
62%
Hollow
62%
Hold my hand (HAN)
60%
Hug Me (I.N)
55%
Half Time
52%
HaPpY (HAN)
52%
HALLUCINATION (I.N)
50%
Holiday
48%
Hello Stranger
38%
HEYDAY
33%
Hero's Soup
31%
Here Always
26%
Hoodie Season
21%
Hold On (Seungmin)
17%
hey you (Hyunjin)
14%
Human (HAN)
14%
No matching quizzes found
Score Distribution
Percent of People with Each Score
Percentile by Number Answered
Your Score History
You have not taken this quiz